Hepatobiliary MRI : (Record no. 3704)
[ view plain ]
| 000 -LEADER | |
|---|---|
| fixed length control field | 00997pam a2200265 a 4500 |
| 001 - CONTROL NUMBER | |
| control field | 1558871 |
| 005 - DATE AND TIME OF LATEST TRANSACTION | |
| control field | 20250208193047.0 |
| 008 - FIXED-LENGTH DATA ELEMENTS--GENERAL INFORMATION | |
| fixed length control field | 920313s1992 moua b 001 0 eng c |
| 020 ## - INTERNATIONAL STANDARD BOOK NUMBER | |
| International Standard Book Number | 0801668042 : |
| Terms of availability | $90.00 |
| 050 00 - LIBRARY OF CONGRESS CALL NUMBER | |
| Classification number | RC847.5.I42 |
| Item number | M58 1992 |
| 082 00 - DEWEY DECIMAL CLASSIFICATION NUMBER | |
| Classification number | 616.3/6207548 |
| Edition information | 20 |
| 100 1# - MAIN ENTRY--PERSONAL NAME | |
| Personal name | Mitchell, Donald G. |
| 245 10 - TITLE STATEMENT | |
| Title | Hepatobiliary MRI : |
| Remainder of title | a text-atlas at mid and high field / |
| Statement of responsibility, etc. | Donald G. Mitchell, David D. Stark ; with contributions by Peter F. Hahn. |
| 260 ## - PUBLICATION, DISTRIBUTION, ETC. | |
| Place of publication, distribution, etc. | St. Louis : |
| Name of publisher, distributor, etc. | Mosby-Year Book, |
| Date of publication, distribution, etc. | c1992. |
| 300 ## - PHYSICAL DESCRIPTION | |
| Extent | xii, 304 p. : |
| Other physical details | ill. (some col.) ; |
| Dimensions | 29 cm. |
| 650 #0 - SUBJECT ADDED ENTRY--TOPICAL TERM | |
| Topical term or geographic name entry element | Liver |
| General subdivision | Magnetic resonance imaging. |
| 650 #0 - SUBJECT ADDED ENTRY--TOPICAL TERM | |
| Topical term or geographic name entry element | Biliary tract |
| General subdivision | Magnetic resonance imaging. |
| 650 #2 - SUBJECT ADDED ENTRY--TOPICAL TERM | |
| Topical term or geographic name entry element | Biliary Tract Diseases |
| General subdivision | diagnosis |
| -- | atlases. |
| 650 #2 - SUBJECT ADDED ENTRY--TOPICAL TERM | |
| Topical term or geographic name entry element | Liver Diseases |
| General subdivision | diagnosis |
| -- | atlases. |
| 650 #2 - SUBJECT ADDED ENTRY--TOPICAL TERM | |
| Topical term or geographic name entry element | Magnetic Resonance Imaging |
| General subdivision | methods |
| -- | atlases. |
| 650 #2 - SUBJECT ADDED ENTRY--TOPICAL TERM | |
| Topical term or geographic name entry element | Tomography, X-Ray Computed |
| General subdivision | methods |
| -- | atlases. |
| 700 1# - ADDED ENTRY--PERSONAL NAME | |
| Personal name | Stark, David D. |
| 700 1# - ADDED ENTRY--PERSONAL NAME | |
| Personal name | Hahn, Peter F. |
| 942 ## - ADDED ENTRY ELEMENTS (KOHA) | |
| Source of classification or shelving scheme | Library of Congress Classification |
| Koha item type | Books |
| Suppress in OPAC | No |
| 999 ## - | |
| -- | 3704 |
| -- | 3704 |
| Withdrawn status | Lost status | Source of classification or shelving scheme | Damaged status | Not for loan | Collection | Home library | Current library | Shelving location | Date acquired | Total checkouts | Full call number | Barcode | Date last seen | Copy number | Price effective from | Koha item type |
|---|---|---|---|---|---|---|---|---|---|---|---|---|---|---|---|---|
| Library of Congress Classification | Non-fiction | Science Library (Miotso) | Science Library (Miotso) | General stacks | 02/08/2025 | RC847.5 .I42M58 MIT | SLM00003284 | 02/08/2025 | 1 | 02/08/2025 | Books | |||||
| Library of Congress Classification | Non-fiction | Science Library (Miotso) | Science Library (Miotso) | General stacks | 02/08/2025 | RC847.5 .I42M58 MIT | SLM00003285 | 02/08/2025 | 2 | 02/08/2025 | Books | |||||
| Library of Congress Classification | Non-fiction | Science Library (Miotso) | Science Library (Miotso) | General stacks | 02/08/2025 | RC847.5 .I42M58 MIT | SLM00003286 | 02/08/2025 | 3 | 02/08/2025 | Books | |||||
| Library of Congress Classification | Non-fiction | Science Library (Miotso) | Science Library (Miotso) | General stacks | 02/08/2025 | RC847.5 .I42M58 MIT | SLM00003287 | 02/08/2025 | 4 | 02/08/2025 | Books | |||||
| Library of Congress Classification | Non-fiction | Science Library (Miotso) | Science Library (Miotso) | General stacks | 02/08/2025 | RC847.5 .I42M58 MIT | SLM00003288 | 02/08/2025 | 5 | 02/08/2025 | Books |